Music Quiz

Random Music or Song Quiz
Score 0/200 Timer 15:00
2 Plays Today
Year Artist % Correct
2011Katy Perry ft. Kanye West
96.8%
2010Katy Perry
96.5%
2010Katy Perry
96.5%
2011Katy Perry
96.5%
2013Katy Perry
96.5%
2019Katy Perry
96.5%
2011Adele
96.1%
2011Adele
96.1%
2012Adele
96.1%
2012Adele
96.1%
2015Adele
96.1%
2016Adele
96.1%
2016Adele
96.1%
2010Lady Gaga ft. Beyoncé
95.8%
2018Bruno Mars & Cardi B
95.2%
2019Lady Gaga and Bradley Cooper
94.8%
2015Mark Ronson ft. Bruno Mars
94.8%
2010Lady Gaga
94.8%
2011Lady Gaga
94.8%
2011Lady Gaga
94.8%
2013Lady Gaga
94.8%
2017Lady Gaga
94.8%
2010Bruno Mars
94.5%
2011Bruno Mars
94.5%
2012Bruno Mars
94.5%
2013Bruno Mars
94.5%
2013Bruno Mars
94.5%
2016Bruno Mars
94.5%
2017Bruno Mars
94.5%
2010Eminem ft. Rihanna
94.5%
2010Katy Perry ft. Snoop Dogg
94.4%
2015Rihanna & Kanye West & Paul McCartney
93.8%
2011Rihanna ft. Calvin Harris
92.6%
2016Calvin Harris and Rihanna
92.6%
2010Rihanna
92%
2010Taylor Swift
91.3%
2014Taylor Swift
91.3%
2014Taylor Swift
91.3%
2015Taylor Swift
91.3%
2015Taylor Swift
91.3%
2018Taylor Swift
91.3%
2019Taylor Swift
91.3%
2019Taylor Swift
91.3%
2011Maroon 5 ft. Christina Aguilera
88.4%
2014Jessie J , Ariana Grande & Nicki Minaj
85.9%
2012David Guetta ft. Sia
85.6%
2013Ed Sheeran
85.5%
2015Ed Sheeran
85.5%
2015Ed Sheeran
85.5%
2017Ed Sheeran
85.5%
2017Ed Sheeran
85.5%
2017Ed Sheeran
85.5%
2016Sia and Kendrick Lamar
85.4%
2010B.o.B. ft. Bruno Mars
85%
2016Sia ft. Sean Paul
84.7%
2014Sia
84.5%
2015Sia
84.5%
2010Ke$ha
83.4%
2010P!nk
83%
2011P!nk
83%
2012P!nk
83%
2016P!nk
83%
2017P!nk
83%
2013P!nk ft. Nate Ruess
82.8%
2017The Weeknd ft. Daft Punk
82.8%
2017The Weeknd ft. Daft Punk
82.8%
2014Tove Lo
81.9%
Year Artist % Correct
2013Daft Punk ft. Pharrell Williams
81.7%
2018Ariana Grande
80.9%
2018Ariana Grande
80.9%
2018Ariana Grande
80.9%
2012Imagine Dragons
77.5%
2013Imagine Dragons
77.5%
2013Imagine Dragons
77.5%
2013Imagine Dragons
77.5%
2017Imagine Dragons
77.5%
2017Imagine Dragons
77.5%
2018Imagine Dragons
77.5%
2018Imagine Dragons
77.5%
2013Lorde
77.4%
2014Lorde
77.4%
2011Jessie J ft. B.o.B
77%
2017Luis Fonsi ft. Daddy Yankee and Justin Bieber
76.8%
2014Pharrell Williams
76.2%
2019Shawn Mendes and Camila Cabello
75.9%
2010B.o.B. ft. Hayley Williams of Paramore
75.6%
2017The Chainsmokers and Coldplay
75.4%
2015The Weeknd
74.2%
2015The Weeknd
74.2%
2015The Weeknd
74.2%
2013Macklemore & Ryan Lewis ft. Wanz
74.1%
2013Macklemore & Ryan Lewis ft. Ray Dalton
74%
2010Train
71.3%
2019Billie Eilish
70%
2019Billie Eilish
70%
2011Coldplay
69.7%
2012Owl City & Carly Rae Jepsen
69.7%
2014Coldplay
69.7%
2016Coldplay
69.7%
2016Coldplay
69.7%
2019Lil Nas X ft. Billy Ray Cyrus
69.4%
2012Fun. ft. Janelle Monae
69%
2012Fun.
68.7%
2013Fun.
68.7%
2015Shawn Mendes
68.6%
2017Shawn Mendes
68.6%
2017Shawn Mendes
68.6%
2019Shawn Mendes
68.6%
2012Carly Rae Jepsen
68.3%
2011Cee Lo Green
68.3%
2016Justin Timberlake
67.8%
2012Gotye ft. Kimbra
66.8%
2018Camila Cabello and Young Thug
65.6%
2014John Legend
65.5%
2019Marshmello and Bastille
65.2%
2013One Direction
63.7%
2012Kelly Clarkson
63%
2014Hozier
62.5%
2019Ellie Goulding ft. Diplo and Swae Lee
62.2%
2019Post Malone and Swae Lee
61.4%
2019Post Malone and Young Thug
61.3%
2019Post Malone
60.9%
2014Bastille
60.8%
2012Ellie Goulding
60.5%
2015Ellie Goulding
60.5%
2015Ellie Goulding
60.5%
2019Sam Smith and Normani
59.4%
2014Sam Smith
58.8%
2015twenty one pilots
58.1%
2016twenty one pilots
58.1%
2016twenty one pilots
58.1%
2018Childish Gambino
56.6%
2011OneRepublic
56.2%
2014OneRepublic
56.2%
Year Artist % Correct
2016The Chainsmokers ft. Halsey
55.3%
2011Foster the People
53.8%
2018Foster the People
53.8%
2014Idina Menzel
52.6%
2019Jonas Brothers
51.2%
2010Taio Cruz
51%
2011Jennifer Lopez ft. Pitbull
51%
2018Dua Lipa
50.7%
2012The Lumineers
50.5%
2017Harry Styles
49.8%
2013Avicii
49.6%
2011Florence + The Machine
49.3%
2018Panic! at the Disco
49%
2014Fall Out Boy
48.7%
2015Fall Out Boy
48.7%
2010Mumford & Sons
48%
2012Mumford & Sons
48%
2016DNCE
47.7%
2018Travis Scott
44.2%
2013Lana Del Rey
44.2%
2010Lady Antebellum
42.7%
2015George Ezra
42.3%
2018George Ezra
42.3%
2019Lizzo
42%
2013Icona Pop ft. Charli XCX
41.8%
2019Halsey
40.3%
2017Niall Horan
37.9%
2016Mike Posner
37.6%
2014Charli XCX
36.9%
2014Vance Joy
36.7%
2018Vance Joy
36.7%
2014Paramore
36.6%
2012Christina Perri
36.3%
2015WALK THE MOON
36.3%
2018WALK THE MOON
36.3%
2011Gym Class Heroes ft. Adam Levine
35.1%
2018Kendrick Lamar & SZA
33.7%
20185 Seconds of Summer
32.5%
2017Charlie Puth
32.4%
2014Arctic Monkeys
31.7%
2017Portugal. The Man
31.6%
2014Clean Bandit ft. Jess Glynne
31.5%
2015Elle King
30.8%
2019Ava Max
30%
2011AWOLNATION
29.6%
2017Zedd and Alessia Cara
29.5%
2010La Roux
29.4%
2013Zedd ft. Foxes
28.4%
2018Weezer
28.1%
2012Of Monsters and Men
27.4%
2010Muse
27.3%
2010Neon Trees
26%
2012Neon Trees
26%
2016James Bay
24.5%
2016James Bay
24.5%
2012The Black Keys
19.4%
2017Rag'n'Bone Man
19.3%
2013Capital Cities
18.2%
2016Disturbed
18.1%
2015X Ambassadors
17.4%
2012M83.
16.2%
2019Khalid
14.5%
2011Alexandra Stan
13.5%
2016Fitz and the Tantrums
12.8%
2016Empire of the Sun
8.3%
2018Alice Merton
8.2%

You're not logged in!

Compare scores with friends on all Sporcle quizzes.
OR
Log In

Sporcle TV

Today on Sporcle TV


Watch our educational content, quiz creation guides, and fun videos on Sporcle TV.

Show Comments

Extras

Top Quizzes Today


Score Distribution

Paid Content

Your Account Isn't Verified!

In order to create a playlist on Sporcle, you need to verify the email address you used during registration. Go to your Sporcle Settings to finish the process.

Report this User

Report this user for behavior that violates our Community Guidelines.

Details: